Analysis paralysis (Record no. 78537)
[ view plain ]
| 000 -LEADER | |
|---|---|
| fixed length control field | 01113cab a22002055a 4500 |
| 001 - CONTROL NUMBER | |
| control field | L137078 |
| 008 - FIXED-LENGTH DATA ELEMENTS--GENERAL INFORMATION | |
| fixed length control field | 070313e2007 xxk 000 0 eng d |
| 035 ## - SYSTEM CONTROL NUMBER | |
| System control number | (Sirsi) u137078 |
| 041 ## - LANGUAGE CODE | |
| Language code of text/sound track or separate title | eng |
| 100 1# - MAIN ENTRY--PERSONAL NAME | |
| Personal name | Bordoli, David |
| 245 ## - TITLE STATEMENT | |
| Title | Analysis paralysis |
| 260 ## - PUBLICATION, DISTRIBUTION, ETC. | |
| Date of publication, distribution, etc. | 2007 |
| 490 #0 - SERIES STATEMENT | |
| Series statement | Construction Manager |
| Volume/sequential designation | February 2007, 23(1) |
| 520 ## - SUMMARY, ETC. | |
| Summary, etc. | Recent research reveals that, in spite of the Society for Construction Law "Delay and disruption protocol" (ISBN 0954383117), the UK construction industry lacks proficiency when it comes to analysing delays and cost overruns. The 2006 survey, conducted as part of the developing protocols for virtual prototyping international research project, examined the most useful analysis technique and the most frequently used software for analysing delays. The results indicate a lack of awareness of the protocol and its favoured techniques. |
| 590 ## - LOCAL NOTE (RLIN) | |
| Local note | KA |
| 650 24 - SUBJECT ADDED ENTRY--TOPICAL TERM | |
| Topical term or geographic name entry element | SOCIETY OF CONSTRUCTION LAW DELAY AND DISRUPTION PROTOCOL |
| 651 #4 - SUBJECT ADDED ENTRY--GEOGRAPHIC NAME | |
| Geographic name | United Kingdom |
| Chronological subdivision | |
| 690 ## - LOCAL SUBJECT ADDED ENTRY--TOPICAL TERM (OCLC, RLIN) | |
| Topical term or geographic name as entry element | BUILT ENVIRONMENT-CONSTRUCTION MANAGEMENT-BUILDING CONTRACT ADMINISTRATION |
| 942 ## - ADDED ENTRY ELEMENTS (KOHA) | |
| Suppress in OPAC | 0 |
| Withdrawn status | Lost status | Source of classification or shelving scheme | Damaged status | Not for loan | Home library | Current library | Shelving location | Date acquired | Total Checkouts | Full call number | Barcode | Date last seen | Copy number | Price effective from | Koha item type |
|---|---|---|---|---|---|---|---|---|---|---|---|---|---|---|---|
| Dewey Decimal Classification | London | London | Journal article | 13/03/2007 | L137078 | 137078-1001 | 06/08/2019 | 1 | 06/08/2019 | Journal article |